Przystanki PGZK Jasiel - Statystyki

Ogólne statystyki
  • Ten quiz został rozwiązany 7 razy
  • Średni wynik to 6 z 451
Statystyki odpowiedzi
Gmina Przystanek % Poprawnych
Skołyszyn Jabłonica Skała
50%
Skołyszyn Lipnica Górna
50%
Skołyszyn Skołyszyn
50%
Szerzyny Szerzyny
33%
Szerzyny Szerzyny Nadole
33%
Szerzyny Szerzyny Radoszyce
33%
Skołyszyn Bączal Sklep
17%
Skołyszyn Bączal Skrzyżowanie
17%
Szerzyny Czermna
17%
Szerzyny Czermna Granica
17%
Szerzyny Czermna Nagórze
17%
Szerzyny Czermna Ośrodek
17%
Skołyszyn Jabłonica Skrzyżowanie
17%
Skołyszyn Jabłonica Szkoła
17%
Jasło Jasło Dworzec
17%
Jasło Jasło Szpital
17%
Jasło Łaski Góra
17%
Skołyszyn Lisów
17%
Jasło Opacie
17%
Osiek Jasielski Osiek Jasielski Podgórę
17%
Osiek Jasielski Osiek Jasielski Rynek
17%
Szerzyny Szerzyny Nagórze
17%
Jasło Trzcinica
17%
Jasło Trzcinica Szkoła
17%
Skołyszyn Bączal Cichoń
0%
Skołyszyn Bączal Górny Cegielnia
0%
Brzostek Bączałka
0%
Skołyszyn Bączal Maczuga
0%
Skołyszyn Bączal Serwoniec
0%
Biecz Biecz Binarowska
0%
Biecz Biecz Grunwaldzka
0%
Biecz Biecz Kazimierza Wielkiego
0%
Biecz Biecz Kolejowa
0%
Biecz Biecz PK
0%
Biecz Biecz Przedmieście
0%
Biecz Biecz Przedmieście Dolne
0%
Biecz Biecz Remiza
0%
Biecz Biecz Rynek
0%
Kołaczyce Bieździadka
0%
Kołaczyce Bieździadka Góra
0%
Kołaczyce Bieździadka Skrzyżowanie
0%
Kołaczyce Bieździedza
0%
Kołaczyce Bieździedza Cmentarz
0%
Kołaczyce Bieździedza Dwór
0%
Kołaczyce Bieździedza Krzyż
0%
Kołaczyce Bieździedza Rzyki
0%
Biecz Binarowa Młyn
0%
Biecz Binarowa Nagórze
0%
Biecz Binarowa Szkoła
0%
Brzyska Błażkowa Biadoszyce
0%
Brzyska Błażkowa Chorzówka
0%
Brzyska Błażkowa Granica
0%
Brzyska Błażkowa Młyny
0%
Brzyska Błażkowa Nagórze
0%
Brzyska Błażkowa Skrzyżowanie
0%
Brzyska Błażkowa Szkoła
0%
Nowy Żmigród Brzezowa Do Łęki
0%
Nowy Żmigród Brzezowa Szkoła
0%
Brzostek Brzostek Mostek
0%
Brzostek Brzostek Rynek
0%
Brzostek Brzostek Słoneczna
0%
Brzyska Brzyska Krzemyk
0%
Brzyska Brzyska Liwocz
0%
Brzyska Brzyska Nagórze Dół
0%
Brzyska Brzyska Nagórze Lewe
0%
Brzyska Brzyska Nagórze Prawe
0%
Brzyska Brzyska Skrzyżowanie
0%
Brzyska Brzyska Staw
0%
Biecz Bugaj
0%
Biecz Bugaj Szkoła
0%
Brzostek Bukowa
0%
Dębowiec Cieklin
0%
Dębowiec Cieklin Bednarka
0%
Dębowiec Cieklin Józefów
0%
Dębowiec Cieklin Skrzyżowanie
0%
Osiek Jasielski Czekaj
0%
Szerzyny Czermna Skrzyżowanie
0%
Brzyska Dąbrówka
0%
Brzyska Dąbrówka Park
0%
Jodłowa Dębowa
0%
Dębowiec Dębowiec Centrum
0%
Dębowiec Dębowiec Cmentarz
0%
Dębowiec Dębowiec Kopaniny
0%
Dębowiec Dębowiec Mostek
0%
Dębowiec Dębowiec Osiedle
0%
Dębowiec Dębowiec Ośrodek
0%
Dębowiec Dębowiec Skrzyżowanie
0%
Nowy Żmigród Desznica
0%
Nowy Żmigród Desznica Leśniczówka
0%
Nowy Żmigród Desznica Szkoła
0%
Tarnowiec Dobrucowa Skrzyżowanie
0%
Dębowiec Dobrynia Remiza
0%
Dębowiec Dobrynia Skrzyżowanie
0%
Dębowiec Dobrynia Szkoła
0%
Dębowiec Duląbka
0%
Dębowiec Duląbka Skrzyżowanie
0%
Dębowiec Folusz Górka
0%
Dębowiec Folusz Ośrodek
0%
Dębowiec Folusz Sklep
0%
Dębowiec Folusz Skrzyżowanie
0%
Frysztak Frysztak PK
0%
Frysztak Frysztak UG
0%
Biecz Głęboka Borówki
0%
Biecz Głęboka Skrzyżowanie
0%
Biecz Głęboka Transformator
0%
Tarnowiec Gliniczek
0%
Tarnowiec Gliniczek PK
0%
Frysztak Glinik Dolny
0%
Frysztak Glinik Górny Bajorki
0%
Frysztak Glinik Górny Szkoła
0%
Frysztak Glinik Średni
0%
Frysztak Glinik Średni Górka
0%
Frysztak Gogołów Dom Ludowy
0%
Frysztak Gogołów Kościół
0%
Frysztak Gogołów Piaski
0%
Frysztak Gogołów Szkoła
0%
Gorlice Gorlice Biecka
0%
Gorlice Gorlice Dworzec
0%
Gorlice Gorlice Legionów
0%
Gorlice Gorlice Michalusa
0%
Gorlice Gorlice Osiedle
0%
Gorlice Gorlice Rafineria
0%
Gorlice Gorlice Sienkiewicza
0%
Gorlice Gorlice Szopena
0%
Gorlice Gorlice Szpital
0%
Brzostek Gorzejowa
0%
Brzostek Gorzejowa Młyn
0%
Nowy Żmigród Gorzyce
0%
Krempna Grab
0%
Nowy Żmigród Grabanina
0%
Krempna Grab Szkoła
0%
Brzostek Grudna Górna Sklep
0%
Biecz Grudna Kępska
0%
Biecz Grudna Kępska Pomnik
0%
Biecz Grudna Kępska Sklep
0%
Biecz Grudna Kępska Szkoła
0%
Skołyszyn Harklowa
0%
Skołyszyn Harklowa Centrum
0%
Skołyszyn Harklowa Kopalnia
0%
Skołyszyn Harklowa Kościoł
0%
Skołyszyn Harklowa Osiedle
0%
Skołyszyn Jabłonica Koniec
0%
Brzostek Januszkowice
0%
Brzostek Januszkowice Kościół
0%
Brzostek Januszkowice Tuczarnia
0%
Jasło Jareniówka
0%
Jasło Jareniówka Sklep
0%
Jasło Jareniówka Skrzyżowanie
0%
Jasło Jareniówka Szpakówka
0%
Jasło Jasło 17 Stycznia
0%
Jasło Jasło 3 Maja CPN
0%
Jasło Jasło 3 Maja Poczta
0%
Jasło Jasło 3 Maja UKS
0%
Jasło Jasło Asnyka
0%
Jasło Jasło Bogumił
0%
Jasło Jasło Bryły
0%
Jasło Jasło Fabryczna
0%
Jasło Jasło Floriańska
0%
Jasło Jasło Gamrat Biurowiec
0%
Jasło Jasło Gamrat Osiedle
0%
Jasło Jasło Gamrat Płyta
0%
Jasło Jasło Jana Pawła II
0%
Jasło Jasło Kołłątaja
0%
Jasło Jasło Kościuszki
0%
Jasło Jasło Krajowicka
0%
Jasło Jasło Krakowska
0%
Jasło Jasło Krakowska Kowalowy
0%
Jasło Jasło Lwowska Brzyszczki
0%
Jasło Jasło Lwowska Kaufland
0%
Jasło Jasło Lwowska Szkoła
0%
Jasło Jasło Metzgera
0%
Jasło Jasło Mickiewicza
0%
Jasło Jasło Naftobudowa
0%
Jasło Jasło Nowy Cmentarz
0%
Jasło Jasło Piłsudskiego
0%
Jasło Jasło Podzamcze
0%
Jasło Jasło Pohulanka
0%
Jasło Jasło Przemysłowa
0%
Jasło Jasło Rafineria
0%
Jasło Jasło Rynek
0%
Jasło Jasło Sobniowska
0%
Jasło Jasło Sobniów Skrzyżowanie
0%
Jasło Jasło Sobniów Żniwna
0%
Jasło Jasło Szkoła
0%
Jasło Jasło Szkolna
0%
Jasło Jasło Towarowa
0%
Jasło Jasło Wodociągi
0%
Jasło Jasło Zacisze
0%
Nowy Żmigród Jaworze
0%
Nowy Żmigród Jaworze Koniec
0%
Jedlicze Jedlicze Borek
0%
Jedlicze Jedlicze Manierska
0%
Jedlicze Jedlicze Rynek
0%
Jedlicze Jedlicze Sienkiewicza
0%
Jedlicze Jedlicze Szkoła
0%
Brzostek Kamienica Dolna
0%
Brzostek Kamienica Górna
0%
Brzostek Kamienica Górna Skrzyżowanie
0%
Nowy Żmigród Kąty
0%
Nowy Żmigród Kąty Gimnazjum
0%
Nowy Żmigród Kąty Hałbów
0%
Nowy Żmigród Kąty Kolonia
0%
Nowy Żmigród Kąty Kościół
0%
Nowy Żmigród Kąty Podgóry
0%
Nowy Żmigród Kąty Pod Lasem
0%
Nowy Żmigród Kąty Skalnik
0%
Nowy Żmigród Kąty Skrzyżowanie
0%
Nowy Żmigród Kąty Zagrody
0%
Brzostek Klecie Markosie
0%
Brzostek Klecie Stawiska
0%
Brzostek Klecie Szkoła
0%
Gorlice Klęczany
0%
Brzyska Kłodawa
0%
Brzyska Kłodawa Machowa
0%
Osiek Jasielski Kłopotnica
0%
Kołaczyce Kołaczyce Górka
0%
Kołaczyce Kołaczyce Kluczowa
0%
Kołaczyce Kołaczyce Rynek
0%
Kołaczyce Kołaczyce Stadion
0%
Krempna Kotań
0%
Krempna Kotań Skrzyżowanie
0%
Krempna Kotań Wrzosowa
0%
Kołaczyce Krajowice Kołodziej
0%
Kołaczyce Krajowice Skrzyżowanie
0%
Krempna Krempna
0%
Krempna Krempna Park Konny
0%
Skołyszyn Kunowa Skrzyżowanie
0%
Skołyszyn Kunowa Szkoła
0%
Tarnowiec Łajsce Podlas
0%
Tarnowiec Łajsce Sklep
0%
Tarnowiec Łajsce Skrzyżowanie
0%
Tarnowiec Łajsce Szkoła
0%
Jasło Łaski Las
0%
Jasło Łaski Palacz
0%
Jasło Łaski Sklep
0%
Jasło Łaski Stanula
0%
Nowy Żmigród Łężyny Sklep
0%
Nowy Żmigród Łężyny Skrzyżowanie
0%
Nowy Żmigród Łęzyny Smoleń
0%
Nowy Żmigród Łężyny Szkoła
0%
Biecz Libusza
0%
Biecz Libusza CPN
0%
Biecz Libusza Krzyżówka
0%
Biecz Libusza Ogniwo
0%
Biecz Libusza Spółdzielnia
0%
Biecz Libusza Szkoła
0%
Lipinki Lipinki Dół
0%
Lipinki Lipinki Kościół
0%
Lipinki Lipinki Skrzyżowanie
0%
Skołyszyn Lipnica Górna Dworki
0%
Skołyszyn Lipnica Górna Kościół
0%
Skołyszyn Lisów Leśniczówka
0%
Tarnowiec Łubienko Centrum
0%
Frysztak Lubla Sklep
0%
Frysztak Lubla Zajezdnia
0%
Kołaczyce Lublica
0%
Kołaczyce Lublica Rzeki
0%
Kołaczyce Lublica Szkoła
0%
Tarnowiec Łubno Opace Cmentarz
0%
Tarnowiec Łubno Szlacheckie Dom Ludowy
0%
Tarnowiec Łubno Szlacheckie Górka
0%
Tarnowiec Łubno Szlacheckie Granica
0%
Tarnowiec Łubno Szlacheckie Koło Stawu
0%
Tarnowiec Łubno Szlacheckie Sklep
0%
Tarnowiec Łubno Szlacheckie Szkoła
0%
Nowy Żmigród Łysa Góra
0%
Nowy Żmigród Łysa Góra Kolonia
0%
Nowy Żmigród Łysa Góra Końcowy
0%
Nowy Żmigród Łysa Góra Skrzyżowanie
0%
Dębowiec Majscowa
0%
Nowy Żmigród Makowiska
0%
Jedlicze Męcinka Wieś
0%
Jedlicze Moderówka
0%
Jedlicze Moderówka Białkówka
0%
Jedlicze Moderówka Budzisz
0%
Jedlicze Moderówka Dom Ludowy
0%
Jedlicze Moderówka PK
0%
Osiek Jasielski Mrukowa
0%
Krempna Myscowa
0%
Nowy Żmigród Mytarz
0%
Brzostek Nawsie Brzosteckie
0%
Kołaczyce Nawskie Kołaczyckie
0%
Jasło Niegłowice Bajdy
0%
Jasło Niegłowice Szkoła
0%
Nowy Żmigród Nienaszów
0%
Nowy Żmigród Nienaszów Debrza
0%
Nowy Żmigród Nienaszów Kościół
0%
Nowy Żmigród Nienaszów Poraj
0%
Nowy Żmigród Nienaszów Skrzyżowanie
0%
Nowy Żmigród Nienaszów Szkoła
0%
Nowy Żmigród Nienaszów Zlewnia
0%
Tarnowiec Nowy Glinik
0%
Tarnowiec Nowy Glinik Kapliczka
0%
Tarnowiec Nowy Glinik Sklep
0%
Nowy Żmigród Nowy Żmigród Dębicz
0%
Nowy Żmigród Nowy Żmigród Dukielska
0%
Nowy Żmigród Nowy Żmigród Jasielska
0%
Nowy Żmigród Nowy Żmigród Rynek
0%
Szerzyny Ołpiny
0%
Szerzyny Ołpiny Staw
0%
Szerzyny Ołpiny Żurowa
0%
Jasło Opacie Szkoła
0%
Brzostek Opacionka
0%
Osiek Jasielski Osiek Jasielski Osiedle
0%
Osiek Jasielski Osiek Jasielski Skrzyżowanie
0%
Lipinki Pagorzyna
0%
Lipinki Pagorzyna Skrzyżowanie
0%
Osiek Jasielski Pielgrzymka
0%
Krempna Polany Baranie
0%
Krempna Polany Huta
0%
Krempna Polany Ostryszne
0%
Tarnowiec Potakówka
0%
Tarnowiec Potakówka Budy
0%
Tarnowiec Potakówka Granica
0%
Tarnowiec Potakówka Zakacze
0%
Brzostek Przeczyca
0%
Brzostek Przeczyca CPN
0%
Brzostek Przeczyca Rzeki
0%
Brzostek Przeczyca Skrzyżowanie
0%
Skołyszyn Przysieki
0%
Skołyszyn Pusta Wola
0%
Biecz Racławice
0%
Biecz Rożnowice
0%
Biecz Rożnowice Kościół
0%
Biecz Rożnowice Nagórze
0%
Krempna Rozstajne Osada
0%
Krempna Rozstajne Skrzyżowanie
0%
Tarnowiec Roztoki
0%
Tarnowiec Roztoki Ośrodek
0%
Nowy Żmigród Sadki
0%
Tarnowiec Sądkowa
0%
Tarnowiec Sądkowa Tłoki
0%
Osiek Jasielski Samoklęski Góra
0%
Osiek Jasielski Samoklęski Kościół
0%
Osiek Jasielski Samoklęski Pod Dębami
0%
Osiek Jasielski Samoklęski Skrzyżowanie
0%
Osiek Jasielski Samoklęski Szkoła
0%
Brzostek Siedliska Bogusz
0%
Brzostek Siedliska Bogusz Skrzyżowanie
0%
Skołyszyn Siedliska Sławęcińskie
0%
Nowy Żmigród Siedliska Żmigrodzkie Kasztel
0%
Nowy Żmigród Siedliska Żmigrodzkie OSP
0%
Kołaczyce Sieklówka Dolna
0%
Kołaczyce Sieklówka Granica
0%
Kołaczyce Sieklówka Las
0%
Kołaczyce Sieklówka Ośrodek
0%
Kołaczyce Sieklówka Rzeki
0%
Kołaczyce Sieklówka Skrzyżowanie
0%
Kołaczyce Sieklówka Szkoła
0%
Skołyszyn Siepietnica
0%
Skołyszyn Siepietnica Skrzyżowanie
0%
Biecz Sitnica
0%
Biecz Sitnica Remiza
0%
Biecz Sitnica Skrzyżowanie
0%
Biecz Sitnica Szkoła
0%
Nowy Żmigród Skalnik
0%
Skołyszyn Skołyszyn Lisówek
0%
Skołyszyn Skołyszyn PK
0%
Skołyszyn Skołyszyn Rzyckie
0%
Skołyszyn Skołyszyn Szkoła
0%
Skołyszyn Skołyszyn Winnica
0%
Brzostek Skurowa
0%
Skołyszyn Sławęcin
0%
Brzostek Smarżowa
0%
Brzostek Smarżowa Wieś
0%
Jasło Sobniów Palacz
0%
Jasło Sobniów Potyrała
0%
Jasło Sobniów Szkoła
0%
Kołaczyce Sowina Dolna
0%
Kołaczyce Sowina Górna
0%
Kołaczyce Sowina Kościół
0%
Kołaczyce Sowina Ryba
0%
Kołaczyce Sowina Skrzyżowanie
0%
Kołaczyce Sowina Szkoła
0%
Kołaczyce Sowina Turczyn
0%
Nowy Żmigród Stary Żmigród Nadole
0%
Nowy Żmigród Stary Żmigród Nagórze
0%
Nowy Żmigród Stary Żmigród Skrzyżowanie
0%
Biecz Strzeszyn Góra
0%
Biecz Strzeszyn Kuźnia
0%
Biecz Strzeszyn PK
0%
Biecz Strzeszyn Remiza
0%
Biecz Strzeszyn Szkoła
0%
Biecz Strzeszyn Wilczak
0%
Krempna Świątkowa Mała
0%
Krempna Świątkowa Mała Skrzyżowanie
0%
Krempna Świątkowa Wielka
0%
Krempna Świątkowa Wielka Sklep
0%
Skołyszyn Święcany Bugaj
0%
Skołyszyn Święcany Czermianka
0%
Skołyszyn Święcany Czermianka Most
0%
Skołyszyn Święcany Granica
0%
Skołyszyn Święcany Mleczarnia
0%
Skołyszyn Święcany Przechody
0%
Skołyszyn Święcany Stawy
0%
Skołyszyn Święcany Szkoła
0%
Osiek Jasielski Świerchowa
0%
Osiek Jasielski Świerchowa Wygon
0%
Szerzyny Swoszowa
0%
Jasło Szebnie
0%
Jasło Szebnie Bierówka
0%
Jasło Szebnie Cmentarz
0%
Jasło Szebnie Słowik
0%
Jasło Szebnie Szkoła
0%
Tarnowiec Tarnowiec Centrum
0%
Tarnowiec Tarnowiec PK
0%
Nowy Żmigród Toki
0%
Jasło Trzcinica Las
0%
Jasło Trzcinica Osobnica
0%
Jasło Trzcinica Topoliny
0%
Jasło Trzcinica Wilczak
0%
Brzyska Ujazd
0%
Brzyska Ujazd Koniec
0%
Jasło Warzyce Bieszczadzka
0%
Jasło Warzyce Łąki
0%
Jasło Warzyce Murowaniec
0%
Lipinki Wójtowa
0%
Lipinki Wójtowa Bochnia
0%
Lipinki Wójtowa Dół
0%
Lipinki Wójtowa Góra
0%
Lipinki Wójtowa Sośniny
0%
Brzostek Wola Brzostecka Dąbie
0%
Brzostek Wola Brzostecka Dom Ludowy
0%
Dębowiec Wola Cieklińska Dom Ludowy
0%
Dębowiec Wola Cieklińska Rozjazd
0%
Dębowiec Wola Cieklińska Skrzyżowanie
0%
Jasło Wolica
0%
Brzyska Wróblowa
0%
Brzyska Wróblowa Skrzyżowanie
0%
Tarnowiec Wrocanka
0%
Tarnowiec Wrocanka Wieś
0%
Krempna Wyszowatka
0%
Gorlice Zagórzany
0%
Osiek Jasielski Załęże
0%
Osiek Jasielski Załęże Góra
0%
Osiek Jasielski Załęże Markuszka
0%
Osiek Jasielski Załęże Podgórze
0%
Dębowiec Zarzecze
0%
Dębowiec Zarzecze Górka
0%
Dębowiec Zarzecze Koło Marszałka
0%
Dębowiec Zarzecze Skrzyżowanie
0%
Dębowiec Zarzecze Szkoła
0%
Brzostek Zawadka Brzostecka
0%
Osiek Jasielski Zawadka Osiecka
0%
Osiek Jasielski Zawadka Osiecka Kościół
0%
Jasło Zimna Woda
0%
Jasło Żółków Górka
0%
Jasło Żółków Kapliczka
0%
Szerzyny Żurowa
0%
Szerzyny Żurowa Podlesie
0%
Szerzyny Żurowa Stawiska
0%
Nie znaleziono quizów pasujących do podanych kryteriów
Rozkład punktacji
Procent ludzi z każdym wynikiem
Percentyl według liczby udzielonych odpowiedzi
Twoja historia wyników
Nie rozwiązałeś tego quizu